| 000 | 00478nam a2200193Ia 4500 | ||
|---|---|---|---|
| 003 | GCL | ||
| 008 | 140319s9999 xx 000 0 ara d | ||
| 040 |
_aGCL / _cGCL |
||
| 082 | 0 | 4 |
_a158.1 _bب ت |
| 100 | 1 | _aبروك، بيتر | |
| 245 | 1 | 0 |
_aالنجاح / _cبروك، بيتر |
| 300 | _a133 | ||
| 490 |
_aالالف كتاب _v0 |
||
| 650 | 0 | 4 | _aالتربية |
| 650 | 0 | 4 | _aعلم النفس |
| 650 | 0 | 4 | _aالاخلاق |
| 650 | 0 | 4 | _aالنجاح |
| 942 |
_2ddc _cBK |
||
| 999 |
_c45886 _d45886 |
||